00437cam a2200181ua 45000010005000000080039000050200015000440400009000590410008000680820010000761000025000862450041001112500009001522600032001613000010001936530027002037000025002307202141203n ii |||gr||||Z||||||eng a8121928702 cMAIN aeng a651.7 aJain. V.K.,eAuthor.1 aBusiness communicationcby V.K. Jain a1st. aNew Delhi:bS.Chand,c2010. a277p. aBusiness communication aBiyani, O.,eAuthor.